Movies Quiz

Random Movies or Cast Quiz

Movie Cast Match (1997) Quiz Stats

 Plays Quiz Updated Aug 9, 2017

Support Sporcle.
Go Orange.
Score 0/40 Timer 08:00
4 Plays Today
% Correct
Titanic
92.7%
Austin Powers: International Man of Mystery
92%
Men in Black
91.2%
Good Will Hunting
90.3%
As Good as It Gets
87%
Liar Liar
85.5%
Tomorrow Never Dies
84.7%
Alien: Resurrection
83.7%
George of the Jungle
83.5%
Spice World
83.5%
Face|Off
83%
Batman & Robin
82.8%
Vegas Vacation
82.5%
The Fifth Element
81.6%
Air Force One
81.4%
My Best Friend's Wedding
81%
Speed 2: Cruise Control
80.3%
Romy and Michele's High School Reunion
80.3%
Flubber
79.9%
Scream 2
79.9%
% Correct
G.I. Jane
79.6%
I Know What You Did Last Summer
79.5%
Bean
79.3%
Boogie Nights
77.8%
Seven Years in Tibet
77.6%
The Lost World: Jurassic Park
75.1%
Private Parts
74.5%
Jackie Brown
74.3%
Con Air
74%
The Devil's Advocate
72.5%
Contact
72.2%
Selena
69.2%
Life Is Beautiful
68.7%
Donnie Brasco
68.6%
Kiss the Girls
68%
Anaconda
67.8%
The Postman
66.6%
Grosse Pointe Blank
66.1%
L.A. Confidential
66%
Conspiracy Theory
63.9%

You're not logged in!

Compare scores with friends on all Sporcle quizzes.
OR
Log In
Forgot?

From the Vault

Crossword: A Grid About Nothing

by Purple_Parrot

This quiz isn't as pointless as the title makes it sound.
Remove Ads.
Support Sporcle.
Get the best of Sporcle when you Go Orange. This ad-free experience offers more features, more stats, and more fun while also helping to support Sporcle. Thank you for becoming a member.

Show Comments

Extras

Top Quizzes Today


Score Distribution

Your Account Isn't Verified!

In order to create a playlist on Sporcle, you need to verify the email address you used during registration. Go to your Sporcle Settings to finish the process.

Report this User

Report this user for behavior that violates our Community Guidelines.

Details: